That's a Dragon! Quiz Stats

 Plays Quiz Updated Oct 3, 2014

Challenge
Share
Tweet
Embed
Score 0/26 Timer 03:00
1 Play Today
Name Dragon or Not % Correct
Draco???
87.5%
Draco Malfoy???
85.8%
Smaug???
84.8%
Mushu???
84.6%
Toothless???
84.1%
Norbert???
79.2%
Hagrid's Fang???
75.7%
Elliot???
70.1%
Glaedr???
69.2%
Viserion???
67.1%
Saphira???
66.4%
Wormtongue???
65.7%
Zok???
63.6%
Name Dragon or Not % Correct
Roku's Fang???
61.3%
Jack???
59.9%
Fin Fang Foom???
58.6%
Ridley???
58.2%
Grendel???
57.4%
Spot???
56%
Ord???
54.6%
Atreyu???
50.4%
Varric???
50.2%
Denton???
47.9%
Sparx???
43.6%
Krillin???
41%
Eragon???
36.7%

You're not logged in!

Compare scores with friends on all Sporcle quizzes.
Join for Free
OR
Log In

You Might Also Like...

Show Comments

Extras

Top Quizzes Today


Score Distribution

Your Account Isn't Verified!

In order to create a playlist on Sporcle, you need to verify the email address you used during registration. Go to your Sporcle Settings to finish the process.

Report this User

Report this user for behavior that violates our Community Guidelines.

Details: